ბათუმის შოთა რუსთაველის სახელმწიფო უნივერსიტეტის ბიბლიოთეკა

ზოგადი გენეტიკა : (ბიბ.ჩანაწერი № 41960)

000 -ლიდერი
ფიქსირებული სიგრძის საკონტროლო ველი 01374nam a2200265Ia 4500
001 - საკონტროლო ნომერი
საკონტროლო ველი 8644
003 - საკონტროლო ნომრის იდენტიფიკატორი
საკონტროლო ველი GE_BSU
005 - ბოლო ოპერაციის თარიღი და დრო
საკონტროლო ველი 20240524145316.0
008 - ფიქსირებული სიგრძის მონაცემთა ელემენტები - ზოგადი ინფორმაცია
ფიქსირებული სიგრძის საკონტროლო ველი 181216s2003||||ge |||||||||||||| ||geo||
020 ## - წიგნის საერთაშორისო სტანდარტული ნომერი
International Standard Book Number 9992896973
040 ## - კატალოგიზაციის წყარო
Transcribing agency GE_BSU
041 ## - ენის კოდი
Language code of text/sound track or separate title geo
080 ## - უნივერსალური ათობითი კლასიფიკაციის ინდექსი
Universal Decimal Classification number 575(075.8) დ-43
100 ## - მთავარი ჩანაწერი - პიროვნების სახელი
Personal name დიასამიძე, ანზორ
9 (RLIN) 1109
245 ## - ცნობა სათაურის შესახებ
Title ზოგადი გენეტიკა :
Remainder of title სახელმძღვანელო უმაღლესი სასწ. ბიოლოგიის სპეც. სტუდენტებისათვის /
Statement of responsibility, etc ანზორ დიასამიძე, ქეთევან დოლიძე ; რედ. შ. გოლიაძე.
264 ## - წარმოების, გამოცემის, დისტრიბუციის და სხვა ცნობები
გამოცემის, წარმოების, დისტრიბუციის... ადგილი ბათუმი :
გამოცემის, წარმოების, დისტრიბუციის... სახელწოდება ბათუმის სახ. უნ-ტის გამ-ბა,
გამოცემის, წარმოების, დისტრიბუციის... თარიღი 2003.
300 ## - ფიზიკური აღწერა
Extent 493 გვ. :
Other physical details ილ. ;
Dimensions 21 სმ.
653 ## - INDEX TERM--UNCONTROLLED
Uncontrolled term გენეტიკა
653 ## - INDEX TERM--UNCONTROLLED
Uncontrolled term ზოგადი გენეტიკა
700 ## - ADDED ENTRY--PERSONAL NAME
Personal name დოლიძე, ქეთევან
Relator term ავტორი
9 (RLIN) 333
700 ## - ADDED ENTRY--PERSONAL NAME
Personal name გოლიაძე, შ.
Relator term რედაქტორი
9 (RLIN) 5400
710 ## - ADDED ENTRY--CORPORATE NAME
Corporate name or jurisdiction name as entry element შოთა რუსთაველის სახელობის ბათუმის სახელმწიფო უნივერსიტეტი
9 (RLIN) 22175
942 ## - ADDED ENTRY ELEMENTS (KOHA)
Koha item type წიგნი
Source of classification or shelving scheme
ეგზემპლარები
ჩამოწერის სტატუსი დაკარგული ეგზემპლარის სტატუსი კლასიფიკაციის წყარო ან თაროზე გაწყობის სქემა დაზიანების სტატუსი არ გაიცემა მუდმივი მდებარეობა (დაცვის ადგილი) ამჟამინდელი ადგილსამყოფელი თაროზე განთავსების ადგილი შეძენის თარიღი ღირებულება, შესყიდვის ნორმალური ფასი სრული შენახვის შიფრი შტრიხკოდი ბოლო ოპერაციის თარიღი ეგზემპლარის მიმდევრობითი ნომერი (კეტერი?) ფასის ძალაში შესვლის თარიღი ეგზემპლარის სახეობა საჯარო შენიშვნა
          აგრარული და მემბრანული ტექნოლოგიების ინსტიტუტის ბიბლიოთეკა აგრარული და მემბრანული ტექნოლოგიების ინსტიტუტის ბიბლიოთეკა წიგნსაცავი 2025-06-11 20.00 575(075.8) დ-43 71812 2025-06-11 71812 2025-06-11 წიგნი 20.00
          ბათუმის შოთა რუსთაველის სახელმწიფო უნივერსიტეტის მთავარი ბიბლიოთეკა ბათუმის შოთა რუსთაველის სახელმწიფო უნივერსიტეტის მთავარი ბიბლიოთეკა წიგნსაცავი 2018-12-17 20.00 575(075.8) დ-43 26763 2018-12-17 26763 2018-12-17 წიგნი 20.00 ₾.
          ბათუმის შოთა რუსთაველის სახელმწიფო უნივერსიტეტის მთავარი ბიბლიოთეკა ბათუმის შოთა რუსთაველის სახელმწიფო უნივერსიტეტის მთავარი ბიბლიოთეკა წიგნსაცავი 2018-12-17 20.00 575(075.8) დ-43 26764 2018-12-17 26764 2018-12-17 წიგნი 20.00 ₾.